000 00835nmm a2200313 a 4500
003 AR-BaBNM
005 20251128203551.0
008 011101s1992 ||||||||||||||000 | spa||
020 _a0-07-054515-4
040 _cAR-BaBNM
100 1 _aSalvatore, Dominick
245 1 0 _aMicroeconomía
250 _a3ª ed.
260 _aMéxico, D.F.
_bMcGraw-Hill
_c1992
300 0 _a436 p.
_bgráfs., tablas
500 0 _aContiene índice alfabético p. 431-436
650 4 _aMICROECONOMIA
650 4 _aMONEDA
650 4 _aSISTEMAS MONETARIOS
650 4 _aFINANZAS
650 4 _aSISTEMAS ECONOMICOS
650 4 _aENSENANZA DE LA ECONOMIA
650 4 _aPRODUCCION
653 0 _aECONOMIA POLITICA
700 1 _aCoro Pando, Julio
_etraductor
700 1 _aCue Mancera,Agustín
_erevisión
942 _cBK
998 _cMariana
999 _c3960
_d3960